Cómo formar un equipo de trabajo

Salvato in:
Dettagli Bibliografici
Autore principale: Maddux, Robert B. (autor)
Natura: Libro
Lingua:spagnolo
Pubblicazione: Barcelona Gedisa 2001
Edizione:1a. ed
Serie:The Sunday Times. Nuevos Emprendedores
Soggetti:
Tags: Aggiungi Tag
Nessun Tag, puoi essere il primo ad aggiungerne!!

MARC

LEADER 00000nam a2200000 a 4500
001 UCI5008
003 CL-VaPUC
008 080311e20010000SP |||||||||||||||||spa|d
020 |a 8474328853 
082 0 4 |a 658.3128  |b MAD  |2 21 
100 |a Maddux, Robert B.  |e autor  |9 527042 
245 1 0 |a Cómo formar un equipo de trabajo 
250 |a 1a. ed 
300 |a 126 p 
942 |c BK 
945 |d 20080311 00:00:00  |a cmena 
260 |a Barcelona  |b Gedisa  |c 2001 
650 0 |a Administración del personal  |9 260442 
650 0 |a Planificación estratégica   |9 259735 
650 7 |a EQUIPOS DE TRABAJO  |2 CL-VaPUC  |9 384715 
650 0 |a Relaciones interpersonales  |9 307056 
650 0 |a Motivación   |9 315362 
583 |a last modification  |c 20080311 00:00:00  |k Rodrigo Vera 
490 0 |a The Sunday Times. Nuevos Emprendedores 
999 |c 328775  |d 328773